000 01396nam a22003737a 4500
003 CHAP
005 20220329140752.0
008 971013s1973 r 00010 d
010 _a57312
011 _a58284
035 _a62439
040 _cCHAP
090 _aTesis
100 0 0 _aSolórzano Morales, Alvaro.
_9108497
245 _aComparación de rendimiento en forraje y análisis bromatológicos de maíz (Zea mays L.) sorgo (Sorghum vulgare Pers.), mijo (Sectaria italica
250 _a(L) Beauv. y Pennisetum glaucum (L) R. Br.) y girasol (Heliantus annuus L.) bajo condiciones de riego en Apodaca, N.L.
260 _a(Moterrey, N.L.) :
_bEl autor,
_c1973
300 _a74 h.
502 _aTesis (Ing Agr. Zootecnista) -- ITESM. Div. de Ciencias Agropecuarias y Marítimas
590 _aALEPH
_b10
_c20130110
_lUCH01
_h1335
590 _aBATCH-UPD
_b10
_c20130110
_lUCH01
_h0702
590 _aBATCH-UPD
_b10
_c20130410
_lUCH01
_h0348
590 _aBATCH-UPD
_b10
_c20130914
_lUCH01
_h1544
590 _aCONVERSION
_b10
_c20130109
_lUCH01
_h1331
650 1 4 _aGirasol como forraje.
_948189
650 1 4 _aGirasol
_xRendimiento.
_948171
650 1 4 _aMaíz como forraje.
_971109
650 1 4 _aMaíz
_xRendimiento.
_971051
650 1 4 _aMijo
_xRendimiento.
_975659
650 1 4 _aSorgo
_xRendimiento.
_9108714
901 _aBK
942 _cTESIS
949 _bBC
_cTES
_d-133827
_eTS1
_i62439
_si
999 _c57312
_d57312